| 000 | 00521nam a2200193 a 4500 | ||
|---|---|---|---|
| 001 | 3522 | ||
| 005 | 20140414132005.0 | ||
| 008 | 060508s19uu xx 00 eng d | ||
| 020 | _a | ||
| 050 |
_aTR 372.4 _bL.4(ESG) 2002 |
||
| 245 | _aESL supplement guide, L. 4. | ||
| 250 | _aRevised Edition | ||
| 260 |
_aColumbus, Ohio : _bSRA/McGRaw-Hill, _c2002. |
||
| 300 | _axix, 244 p. ; cm. | ||
| 440 | _aSRA Open Court Reading, Purple | ||
| 526 | _cGrade 3 | ||
| 650 |
_aReading _xStudy and teaching. |
||
| 999 |
_c113154 _d113154 |
||